Capitales sans les lettres de "Oslo" - Statistiques

Statistiques générales
  • Ce quiz a été pris 12 fois
  • Le résultat moyen est 17 sur 44
Statistiques - réponses
Continents Capitales % Correct
Europe Madrid
78%
Océanie Canberra
67%
Europe Berne
56%
Asie Dacca
56%
Asie Pékin
56%
Afrique Rabat
56%
Asie Tachkent
56%
Afrique Accra
44%
Asie Amman
44%
Asie Bichkek
44%
Afrique Dakar
44%
Europe Kiev
44%
Amérique du Nord Managua
44%
Asie Manama
44%
Europe Riga
44%
Asie Riyad
44%
Asie Téhéran
44%
Europe Vatican
44%
Europe Vienne
44%
Afrique Abuja
33%
Asie Achgabat
33%
Asie Ankara
33%
Asie Bagdad
33%
Afrique Bangui
33%
Afrique Harare
33%
Asie Jakarta
33%
Afrique Mbabane
33%
Afrique N'djamena
33%
Europe Prague
33%
Afrique Praia
33%
Europe Reykjavik
33%
Europe Tirana
33%
Asie Vientiane
33%
Océanie Yaren
33%
Europe Zagreb
33%
Océanie Apia
22%
Asie Erevan
22%
Afrique Gitega
22%
Asie Naypyidaw
22%
Afrique Niamey
22%
Amérique du Nord Panama
22%
Asie Taipei
22%
Europe Vaduz
22%
Océanie Funafuti
11%
Aucun quiz correspondant
Distribution des résultats
% des personnes avec chaque résultat
Percentile par nombre de réponses
Votre historique - résultats
Vous n’avez pas pris ce quiz